History's Most Expensive Wars - Statistics

General Stats
  • This quiz has been taken 156 times
  • The average score is 6 of 10
Answer Stats
Hint Answer % Correct
$3.3 trillion World War I
100%
$4.7 trillion World War II
100%
$1 trillion Vietnam War
90%
$308 billion Korean War
76%
$1.9 trillion Iraq War
74%
$2.3 trillion War in Afghanistan
69%
$87 billion American Civil War
63%
$5.8 trillion Cold War
44%
$2.8 trillion War of 1812
17%
$1.3 billion Second Sino-Japanese War
7%
No matching quizzes found
Score Distribution
Percent of People with Each Score
Percentile by Number Answered
Your Score History
You have not taken this quiz